000 01084nam a22002657a 4500
999 _c65419
_d65419
005 20240530110823.0
008 190711s2019 ua a g 000 0 ara d
017 _bمصر. دار الكتب
_a2018/15179
020 _a9789778123487
040 _aEG-CaGPL
_cEG-CaGPL
082 0 4 _221
_a953.076 /
_bف ح
100 0 _aفيصل السيد طه
245 1 2 _aالحضارة الاسلامية فى اقليم خراسان :
_bبحوث ودراسات /
_cفيصل السيد طه
250 _aط.1
260 _aالقاهرة :
_bالمكتب العربى للمعارف،
_c2019 .
300 _a397 ص. :
_bايض. ؛
_c24 سم.
650 0 7 _2qrmak
_aبنو سليم
_xتاريخ
_zخراسان
650 0 7 _aالادب العربى
_zايران
650 0 7 _aالادب الفارسى
_zايران
650 0 7 _aالقبائل العربية
_zخراسان
651 0 7 _aطوس
_xتاريخ
_2qrmak
_yالعصر الغزنوى
651 0 7 _aطوس
_xتاريخ
_2qrmak
_yالعصر السلجوقى
942 _2ddc
_cBK